[Event "SUBZONAL 2.3.5 ABSOLUTE Trinidad y Tobag"]
[Site "Ambassador Hotel "]
[Date "2014.03.27"]
[Round "1.1"]
[White "Johnson, Joshua"]
[Black "Puntier, William"]
[Result "0-1"]
[WhiteElo "2019"]
[BlackElo "2328"]
[PlyCount "118"]
[EventDate "2014.03.27"]
[EventRounds "9"]

1. e4 e6 2. d4 d5 3. exd5 exd5 4. Bd3 Bd6 5. Nf3 Ne7 6. O-O Nbc6 7. c3 Bg4 8.
Nbd2 Qd7 9. Re1 f6 10. Qc2 O-O-O 11. b4 Rde8 12. h3 Bf5 13. a4 g5 14. Ba3 Bxd3
15. Qxd3 g4 16. b5 Bxa3 17. bxc6 Nxc6 18. Rxe8+ Rxe8 19. Rxa3 gxf3 20. Nxf3 a6
21. Ra1 Na5 22. Nd2 Re7 23. c4 Nc6 24. Nb3 b6 25. c5 Nb8 26. cxb6 cxb6 27. a5
Qb5 28. Qxb5 axb5 29. axb6 Rb7 30. Ra7 Nc6 31. Ra6 Nb8 32. Ra7 Nd7 33. Ra8+ Rb8
34. Ra5 Rxb6 35. Kf1 Kc7 36. Ke2 Nb8 37. Kd3 Nc6 38. Ra8 Rb8 39. Ra1 b4 40. Nc5
Rb5 41. h4 Kd6 42. Ra8 b3 43. Ra1 Nxd4 44. Ne4+ dxe4+ 45. Kxd4 f5 46. Kc4 Rb7
47. Rb1 Ke5 48. Rxb3 Rc7+ 49. Kb4 Rc2 50. Rc3 Rxf2 51. Rc7 Rxg2 52. Rxh7 Rc2
53. h5 e3 54. Re7+ Kf4 55. h6 Kf3 56. h7 Rc8 57. Rc7 Rb8+ 58. Kc3 e2 59. Kd2
Rd8+ 0-1

[Event "SUBZONAL 2.3.5 ABSOLUTE Trinidad y Tobag"]
[Site "Ambassador Hotel "]
[Date "2014.03.27"]
[Round "1.2"]
[White "Gascon Del Nogal, Jose Rafael"]
[Black "Ramos Caldera, Cesar"]
[Result "1-0"]
[WhiteElo "2327"]
[BlackElo "2017"]
[PlyCount "77"]
[EventDate "2014.03.27"]
[EventRounds "9"]

1. e4 e5 2. Nf3 Nf6 3. d4 Nxe4 4. Bd3 d5 5. Nxe5 Be7 6. O-O O-O 7. c4 c6 8. Nc3
Nxc3 9. bxc3 Nd7 10. f4 Nf6 11. Qf3 Re8 12. f5 Bd6 13. Bf4 c5 14. cxd5 cxd4 15.
cxd4 Qb6 16. Be3 Bd7 17. Rab1 Qc7 18. Rfc1 Qb8 19. Bf4 Re7 20. Bg3 Be8 21. Nc6
Bxc6 22. dxc6 Bxg3 23. cxb7 Bxh2+ 24. Kh1 Rxb7 25. Qxb7 Qxb7 26. Rxb7 Bf4 27.
Re1 h5 28. Bc4 Rc8 29. Bxf7+ Kh7 30. Rxa7 Kh6 31. Bb3 Rc3 32. Rae7 h4 33. Bd1
Rd3 34. Bf3 h3 35. a4 Rxd4 36. Ra1 h2 37. a5 g5 38. fxg6 Kxg6 39. a6 1-0

[Event "SUBZONAL 2.3.5 ABSOLUTE Trinidad y Tobag"]
[Site "Ambassador Hotel "]
[Date "2014.03.27"]
[Round "1.3"]
[White "Ooft, Gavin"]
[Black "Harper, Ryan"]
[Result "0-1"]
[WhiteElo "1996"]
[BlackElo "2293"]
[PlyCount "116"]
[EventDate "2014.03.27"]
[EventRounds "9"]

1. Nf3 Nf6 2. g3 d5 3. d4 e6 4. c4 c6 5. Bg2 dxc4 6. O-O b5 7. Ne5 Bb7 8. a4
Nd5 9. e4 Nf6 10. Nc3 a6 11. Re1 Be7 12. Be3 O-O 13. Qe2 Nbd7 14. Nxd7 Qxd7 15.
Red1 Qc7 16. Bf4 Qb6 17. h4 Rad8 18. Be3 c5 19. e5 cxd4 20. Rxd4 Rxd4 21. Bxb7
Qxb7 22. Bxd4 Nd5 23. axb5 Nxc3 24. Bxc3 axb5 25. Qg4 b4 26. Bd2 Qd5 27. Bg5
Bxg5 28. hxg5 Qxe5 29. Qxc4 Qxb2 30. Ra7 Qb1+ 31. Kg2 Qf5 32. f4 g6 33. Ra4 e5
34. Rxb4 Rc8 35. Qe4 Rc2+ 36. Kf3 Rc3+ 37. Kg2 Qxe4+ 38. Rxe4 exf4 39. gxf4 Rc5
40. Kf3 h5 41. gxh6 Kh7 42. Re7 Rf5 43. Kg4 Kxh6 44. Rd7 Kg7 45. Ra7 Rd5 46.
Rb7 Kf8 47. Ra7 Ke8 48. Rb7 Rd4 49. Ra7 f6 50. Ra8+ Ke7 51. Ra7+ Rd7 52. Ra5
Kf7 53. Rb5 Kg7 54. Ra5 Kh6 55. Ra6 Kg7 56. Rb6 Rd3 57. Rb7+ Kh6 58. Rb4 Re3
0-1

[Event "SUBZONAL 2.3.5 ABSOLUTE Trinidad y Tobag"]
[Site "Ambassador Hotel "]
[Date "2014.03.27"]
[Round "1.4"]
[White "Munoz Sanchez, Miguel"]
[Black "Soondarsingh, Dev"]
[Result "1-0"]
[WhiteElo "2282"]
[BlackElo "1985"]
[PlyCount "55"]
[EventDate "2014.03.27"]
[EventRounds "9"]

1. e4 c5 2. Nf3 d6 3. d4 cxd4 4. Nxd4 Nf6 5. Nc3 a6 6. Bg5 Nbd7 7. f4 e5 8. Nb3
Qb6 9. Qd2 h6 10. Bxf6 Nxf6 11. O-O-O Bd7 12. Be2 O-O-O 13. Bc4 Be8 14. f5 Qc7
15. Nd5 Nxd5 16. Bxd5 Be7 17. h4 Bc6 18. Rh3 Bxd5 19. Qxd5 Kb8 20. Na5 Ka7 21.
Rc3 Qd7 22. Rb3 Rb8 23. Qxe5 Rhc8 24. Qd4+ Ka8 25. Nc4 Rxc4 26. Qxc4 Rc8 27.
Qd5 Rc5 28. Qxc5 1-0

[Event "SUBZONAL 2.3.5 ABSOLUTE Trinidad y Tobag"]
[Site "Ambassador Hotel "]
[Date "2014.03.28"]
[Round "2.1"]
[White "Puntier, William"]
[Black "Singh, Ravishen"]
[Result "0-1"]
[WhiteElo "2328"]
[BlackElo "2102"]
[PlyCount "82"]
[EventDate "2014.03.27"]
[EventRounds "9"]

1. e4 c5 2. Nf3 e6 3. d4 cxd4 4. Nxd4 Nf6 5. Nc3 d6 6. Be3 a6 7. Qd2 b5 8. f3
Nbd7 9. O-O-O Bb7 10. g4 Nb6 11. Qf2 Nfd7 12. Bd3 Be7 13. h4 Rc8 14. Nce2 Nc4
15. Bxc4 Rxc4 16. Kb1 O-O 17. Bg5 Bf6 18. Qh2 Qc7 19. Bxf6 Nxf6 20. g5 Nh5 21.
Rd2 Rc8 22. Rc1 b4 23. Nb3 e5 24. Na1 a5 25. Rcd1 Rc6 26. c4 bxc3 27. Nxc3 Nf4
28. Nc2 Ba6 29. Ne1 a4 30. Rc2 a3 31. Nd5 Nxd5 32. exd5 Rxc2 33. Qxc2 Qa7 34.
Qd2 axb2 35. Nc2 Bc4 36. Nb4 Rb8 37. Qxb2 Bxa2+ 38. Kc2 Qc5+ 39. Qc3 Qxb4 40.
Qxb4 Rxb4 41. Ra1 Bxd5 0-1

[Event "SUBZONAL 2.3.5 ABSOLUTE Trinidad y Tobag"]
[Site "Ambassador Hotel "]
[Date "2014.03.28"]
[Round "2.2"]
[White "Munro, Allan"]
[Black "Gascon Del Nogal, Jose Rafael"]
[Result "1-0"]
[WhiteElo "2086"]
[BlackElo "2327"]
[PlyCount "177"]
[EventDate "2014.03.27"]
[EventRounds "9"]

1. e4 c5 2. Nf3 d6 3. d4 cxd4 4. Nxd4 Nf6 5. Nc3 a6 6. h3 e6 7. g4 d5 8. exd5
Nxd5 9. Nde2 Bb4 10. Bg2 O-O 11. O-O Nxc3 12. Nxc3 Qc7 13. Ne4 Nc6 14. c3 Be7
15. Qf3 f5 16. gxf5 exf5 17. Ng5 Bxg5 18. Bxg5 f4 19. Qh5 h6 20. Bd5+ Kh7 21.
Be4+ Kg8 22. Bxh6 gxh6 23. Kh1 Rf7 24. Rg1+ Kf8 25. Qxh6+ Ke7 26. Bd5 Qd7 27.
Rae1+ Kd8 28. Be6 Qe7 29. Bxf7 Qxf7 30. Qh8+ Kc7 31. Rg7 Bd7 32. Rxf7 Rxh8 33.
Rxf4 Bxh3 34. Kg1 Rh6 35. Rf7+ Kb6 36. a3 Be6 37. Rf4 Bd5 38. f3 Bb3 39. Kg2
Rd6 40. Rfe4 Bd1 41. Kg3 a5 42. Re6 Rd3 43. R6e3 Rd2 44. f4 a4 45. f5 Bh5 46.
Rh1 Bf7 47. Rh2 Rd7 48. Rh7 Nd8 49. Kf4 Rd2 50. Re4 Rxb2 51. Rxa4 Rf2+ 52. Kg5
Bd5 53. Rd7 Rxf5+ 54. Kg4 Be6 55. Rd6+ Nc6 56. Rxe6 Rc5 57. Re3 Ne5+ 58. Kf4
Nc4 59. Re6+ Kc7 60. Ke4 Nb2 61. Rb4 Nd1 62. Kd4 Ra5 63. Re7+ Kd6 64. Rexb7
Rd5+ 65. Kc4 Rc5+ 66. Kb3 Rxc3+ 67. Ka2 Rc2+ 68. Kb1 Re2 69. Rc4 Nf2 70. Rb2
Re1+ 71. Ka2 Kd5 72. Rc8 Ne4 73. Rbc2 Re3 74. Rd8+ Ke5 75. Kb2 Nd6 76. a4 Rd3
77. Rb8 Kd5 78. Rb4 Rh3 79. a5 Rh7 80. Kb3 Ra7 81. Ka4 Nb7 82. Rb5+ Kd6 83. Kb4
Nd8 84. Rh2 Nc6+ 85. Ka4 Re7 86. Rh6+ Kc7 87. Rc5 Re4+ 88. Kb3 Re3+ 89. Kc2 1-0

[Event "SUBZONAL 2.3.5 ABSOLUTE Trinidad y Tobag"]
[Site "Ambassador Hotel "]
[Date "2014.03.28"]
[Round "2.3"]
[White "Harper, Ryan"]
[Black "Singh, Vishnu"]
[Result "1-0"]
[WhiteElo "2293"]
[BlackElo "2072"]
[PlyCount "81"]
[EventDate "2014.03.27"]
[EventRounds "9"]

1. e4 c5 2. Nf3 d6 3. Bb5+ Bd7 4. Bxd7+ Nxd7 5. O-O Ngf6 6. Re1 g6 7. d3 Bg7 8.
Nbd2 O-O 9. a4 e6 10. h3 Qc7 11. Nf1 a6 12. c3 Nb8 13. Bf4 Nc6 14. Ne3 b5 15.
Bh2 Rfd8 16. Qe2 Qb7 17. Nd2 d5 18. e5 Nd7 19. f4 Qb6 20. Kh1 c4 21. d4 b4 22.
f5 gxf5 23. g4 f4 24. Bxf4 Nxd4 25. cxd4 Qxd4 26. Ng2 Qxb2 27. Rab1 Qa3 28. Nf3
Qxa4 29. Bg5 Rdc8 30. Qe3 a5 31. Bh6 Qc2 32. Ngh4 Qd3 33. Qg5 Qg6 34. Nxg6 hxg6
35. Bxg7 Kxg7 36. Qe7 Nf8 37. Ng5 Rd8 38. Rf1 Rd7 39. Rxf7+ Kh6 40. Qf6 c3 41.
Nxe6 1-0

[Event "SUBZONAL 2.3.5 ABSOLUTE Trinidad y Tobag"]
[Site "Ambassador Hotel "]
[Date "2014.03.28"]
[Round "2.4"]
[White "Sanches, Romario"]
[Black "Munoz Sanchez, Miguel"]
[Result "0-1"]
[WhiteElo "2064"]
[BlackElo "2282"]
[PlyCount "58"]
[EventDate "2014.03.27"]
[EventRounds "9"]

1. e4 c5 2. Nf3 Nc6 3. d4 cxd4 4. Nxd4 Nf6 5. Nc3 e6 6. Be3 Bb4 7. Bd3 d5 8.
exd5 Nxd5 9. Nxc6 bxc6 10. Bd2 Nxc3 11. bxc3 Bd6 12. Qf3 Qc7 13. h3 Rb8 14. O-O
O-O 15. Rab1 Bd7 16. Qe4 g6 17. Qf3 c5 18. c4 f5 19. h4 Bc6 20. Qh3 e5 21. f3
Qf7 22. Rxb8 Rxb8 23. g4 fxg4 24. Qxg4 Qd7 25. Qg5 Qe7 26. Qh6 Rf8 27. h5 Qh4
28. Kg2 e4 29. f4 exd3+ 0-1

[Event "SUBZONAL 2.3.5 ABSOLUTE Trinidad y Tobag"]
[Site "Ambassador Hotel "]
[Date "2014.03.28"]
[Round "3.1"]
[White "Arvelo Leo, Gian Carlo"]
[Black "Harper, Ryan"]
[Result "0-1"]
[WhiteElo "2137"]
[BlackElo "2293"]
[PlyCount "41"]
[EventDate "2014.03.27"]
[EventRounds "9"]

1. e4 e5 2. Nf3 Nc6 3. Bb5 a6 4. Ba4 Nf6 5. d3 Bc5 6. c3 b5 7. Bb3 h6 8. O-O
Bb6 9. a4 b4 10. cxb4 Qe7 11. Bd2 O-O 12. Bc3 d6 13. h3 Nh5 14. Nxe5 Nxe5 15.
Qxh5 Nxd3 16. Qd5 Nf4 17. Qxa8 Qg5 18. e5 Bxh3 19. Qe4 Bf5 20. Qf3 Bg4 21. Qe4
0-1

[Event "SUBZONAL 2.3.5 ABSOLUTE Trinidad y Tobag"]
[Site "Ambassador Hotel "]
[Date "2014.03.28"]
[Round "3.2"]
[White "Munoz Sanchez, Miguel"]
[Black "Herrera Ortega, German Alejand"]
[Result "1-0"]
[WhiteElo "2282"]
[BlackElo "2126"]
[PlyCount "91"]
[EventDate "2014.03.27"]
[EventRounds "9"]

1. d4 f5 2. Nf3 Nf6 3. c4 d6 4. g3 c6 5. Bg2 Qc7 6. d5 e5 7. dxe6 Bxe6 8. Qc2
Na6 9. Nd4 Bd7 10. O-O g6 11. Nc3 Bg7 12. Rd1 Ng4 13. h3 Ne5 14. b3 O-O 15. Bf4
Nc5 16. Qd2 Nf7 17. Rac1 Qb6 18. Nc2 Ne4 19. Nxe4 fxe4 20. Qe3 c5 21. Bxe4 Bxh3
22. Qd3 Rae8 23. Ne3 Bd4 24. Nd5 Qd8 25. Kh2 Be6 26. e3 Bg7 27. Kg2 g5 28.
Bxh7+ Kh8 29. Rh1 Nh6 30. Bg6 Bxd5+ 31. Qxd5 gxf4 32. Bxe8 f3+ 33. Kf1 Qxe8 34.
Qxd6 Kh7 35. Qxc5 b6 36. Qd5 Qg6 37. Rd1 Qc2 38. Qd3+ Qxd3+ 39. Rxd3 Rf7 40.
Rh4 Be5 41. Rd5 Re7 42. Rh5 Bc7 43. Rdf5 Kg6 44. Rhg5+ Kh7 45. Rxf3 Be5 46. Kg2
1-0

[Event "SUBZONAL 2.3.5 ABSOLUTE Trinidad y Tobag"]
[Site "Ambassador Hotel "]
[Date "2014.03.28"]
[Round "3.3"]
[White "Singh, Ravishen"]
[Black "Lopez, Jasel"]
[Result "1/2-1/2"]
[WhiteElo "2102"]
[BlackElo "2202"]
[PlyCount "44"]
[EventDate "2014.03.27"]
[EventRounds "9"]

1. c4 c6 2. g3 Nf6 3. Bg2 d5 4. cxd5 cxd5 5. Nf3 Nc6 6. O-O e5 7. d3 Be7 8. a3
O-O 9. b4 a6 10. Bb2 Bd6 11. Nbd2 Qe7 12. Rc1 Bd7 13. e4 dxe4 14. dxe4 Rad8 15.
Qb3 Bb8 16. h3 Be6 17. Qc2 Rd7 18. Rfe1 Rfd8 19. Bc3 Ba7 20. Qb2 Ne8 21. Nf1 f6
22. Ne3 Nd6 1/2-1/2

[Event "SUBZONAL 2.3.5 ABSOLUTE Trinidad y Tobag"]
[Site "Ambassador Hotel "]
[Date "2014.03.28"]
[Round "3.4"]
[White "Husbands, Orlando"]
[Black "Mora Moron, Jose Ramon"]
[Result "1/2-1/2"]
[WhiteElo "2042"]
[BlackElo "2173"]
[PlyCount "74"]
[EventDate "2014.03.27"]
[EventRounds "9"]

1. e4 c5 2. Nc3 e6 3. f4 a6 4. Nf3 Nc6 5. g3 b5 6. d3 Bb7 7. Bg2 Nge7 8. O-O
Nd4 9. Nxd4 cxd4 10. Ne2 Qb6 11. g4 g6 12. Ng3 f5 13. gxf5 exf5 14. Qe2 O-O-O
15. Qf2 Kb8 16. c3 Bg7 17. Ne2 Nc6 18. Rd1 d6 19. b3 Qa7 20. c4 fxe4 21. Bxe4
Ne7 22. Bxb7 Qxb7 23. Bb2 Nf5 24. Nxd4 Nxd4 25. Bxd4 Bxd4 26. Qxd4 Qa7 27.
Qxa7+ Kxa7 28. Re1 Kb6 29. d4 Rhf8 30. Re4 Rf5 31. Rf1 Ka5 32. cxb5 Kxb5 33.
Kg2 Kb4 34. Rc1 d5 35. Re6 a5 36. Rb6+ Ka3 37. Rc2 Rxf4 1/2-1/2

[Event "SUBZONAL 2.3.5 ABSOLUTE Trinidad y Tobag"]
[Site "Ambassador Hotel "]
[Date "2014.03.29"]
[Round "4.1"]
[White "Harper, Ryan"]
[Black "Munoz Sanchez, Miguel"]
[Result "0-1"]
[WhiteElo "2293"]
[BlackElo "2282"]
[PlyCount "128"]
[EventDate "2014.03.27"]
[EventRounds "9"]

1. e4 e6 2. Nc3 d5 3. d4 Bb4 4. e5 Qd7 5. Qg4 f5 6. Qg3 b6 7. Bd2 Ba6 8. Bxa6
Nxa6 9. Nge2 Bxc3 10. Nxc3 Nb4 11. Rc1 O-O-O 12. a3 Nc6 13. Qd3 Kb7 14. b4 Nge7
15. O-O h6 16. Ra1 g5 17. Ne2 a6 18. a4 Na7 19. Rfb1 Ra8 20. Nc1 Qc6 21. b5 Qc4
22. Qa3 Nac8 23. Qb2 axb5 24. axb5 Rxa1 25. Rxa1 Na7 26. Rb1 Ra8 27. h3 Nac8
28. Nb3 Ra4 29. Bc3 Ng6 30. Nd2 Qe2 31. Qb3 Ra8 32. Nf1 Qe4 33. Re1 Qh4 34. Bb2
g4 35. hxg4 fxg4 36. Qc3 Nce7 37. Bc1 Ra5 38. Qb2 Nf5 39. Bd2 Ra8 40. Qc3 Nge7
41. Bf4 Qh5 42. Ra1 Rxa1 43. Qxa1 Qe8 44. Qa6+ Kb8 45. c3 h5 46. Qa4 Nc8 47.
Ng3 Nxg3 48. Bxg3 Na7 49. f3 gxf3 50. gxf3 Qxb5 51. Qxb5 Nxb5 52. Be1 c5 53.
dxc5 bxc5 54. Kg2 Kc7 55. Kg3 d4 56. cxd4 Nxd4 57. Kf4 Kc6 58. Ke4 Nf5 59. Bf2
Kb5 60. Kd3 c4+ 61. Kc3 h4 62. Bg1 Ng3 63. Bf2 Ne2+ 64. Kd2 h3 0-1

[Event "SUBZONAL 2.3.5 ABSOLUTE Trinidad y Tobag"]
[Site "Ambassador Hotel "]
[Date "2014.03.29"]
[Round "4.2"]
[White "Munro, Allan"]
[Black "Warner, Delisle"]
[Result "1/2-1/2"]
[WhiteElo "2086"]
[BlackElo "2187"]
[PlyCount "91"]
[EventDate "2014.03.27"]
[EventRounds "9"]

1. e4 d6 2. d4 Nf6 3. Nc3 c6 4. Nf3 Bg4 5. h3 Bh5 6. Be2 e6 7. a4 d5 8. e5 Nfd7
9. O-O c5 10. dxc5 Bxc5 11. Nxd5 Bxf3 12. Bxf3 Nc6 13. Nc3 Ndxe5 14. Bxc6+ Nxc6
15. Qg4 O-O 16. Qh5 Qa5 17. Kh1 Bb4 18. Qxa5 Bxa5 19. Ne4 Nd4 20. c3 Nb3 21.
Rb1 Nxc1 22. Rbxc1 Rfd8 23. Rfd1 Bc7 24. Kg1 Kf8 25. Kf1 Bf4 26. Rb1 b6 27. Ke2
f5 28. Nd2 Bxd2 29. Rxd2 Rxd2+ 30. Kxd2 Rd8+ 31. Kc2 Ke7 32. Re1 g5 33. Re2 Rd5
34. c4 Rc5 35. Kc3 a5 36. f3 h5 37. b3 h4 38. Kd3 e5 39. Ke3 Rc6 40. Kd3 Re6
41. Kc3 Kd7 42. Kd3 Kc6 43. Kc3 Kc5 44. Rd2 Rd6 45. Re2 Re6 46. Rd2 1/2-1/2

[Event "SUBZONAL 2.3.5 ABSOLUTE Trinidad y Tobag"]
[Site "Ambassador Hotel "]
[Date "2014.03.29"]
[Round "4.3"]
[White "Lopez, Jasel"]
[Black "Husbands, Orlando"]
[Result "1/2-1/2"]
[WhiteElo "2202"]
[BlackElo "2042"]
[PlyCount "34"]
[EventDate "2014.03.27"]
[EventRounds "9"]

1. c4 Nf6 2. Nf3 d6 3. Nc3 e5 4. g3 Nc6 5. Bg2 g6 6. d4 Bd7 7. O-O Bg7 8. h3
O-O 9. dxe5 dxe5 10. Bg5 Be6 11. Nd5 Bxd5 12. cxd5 Qxd5 13. Qxd5 Nxd5 14. Nxe5
Nxe5 15. Bxd5 c6 16. Bb3 h6 17. Be3 Rfd8 1/2-1/2

[Event "SUBZONAL 2.3.5 ABSOLUTE Trinidad y Tobag"]
[Site "Ambassador Hotel "]
[Date "2014.03.29"]
[Round "4.4"]
[White "Mora Moron, Jose Ramon"]
[Black "Singh, Ravishen"]
[Result "0-1"]
[WhiteElo "2173"]
[BlackElo "2102"]
[PlyCount "134"]
[EventDate "2014.03.27"]
[EventRounds "9"]

1. e4 c5 2. c3 d6 3. d4 Nd7 4. Nf3 a6 5. Bd3 e5 6. O-O b5 7. a4 c4 8. Bc2 Bb7
9. Re1 Ngf6 10. Nbd2 Be7 11. b3 cxb3 12. Bxb3 bxa4 13. Bxa4 O-O 14. Ba3 Qc7 15.
Rb1 Rab8 16. Bb3 h6 17. Nh4 Rfe8 18. Re3 d5 19. Bxe7 Rxe7 20. exd5 Bxd5 21. c4
Ba8 22. d5 Ree8 23. Nf5 Kh7 24. Rh3 Nc5 25. Bc2 e4 26. Rxb8 Qxb8 27. Nf1 Qe5
28. N1e3 a5 29. Ba4 Rb8 30. Bb5 Bxd5 31. Qd4 Qxd4 32. Nxd4 Be6 33. Nxe6 Nxe6
34. Nf1 Nd4 35. Ra3 Nxb5 36. Rb3 a4 37. Rxb5 Rxb5 38. cxb5 a3 39. Nd2 a2 40.
Nb3 Nd5 41. Kf1 f5 42. Ke1 f4 43. Kd2 Kg6 44. Kc2 Kf6 45. Kb2 Ke5 46. Kxa2 Nc3+
47. Kb2 Nxb5 48. Kc1 g5 49. Kd2 Nd4 50. Nc5 Nf5 51. Kc3 Nh4 52. g3 Nf3 53. h3
h5 54. Nd7+ Kf5 55. Nc5 h4 56. gxh4 gxh4 57. Nb7 Ke5 58. Nd8 Ng5 59. Nc6+ Kd6
60. Nd4 Ke5 61. Nc6+ Kd6 62. Nd4 Nxh3 63. Nf5+ Ke5 64. Nxh4 Nxf2 65. Kd2 Ng4
66. Ke2 Kf6 67. Kf1 f3 0-1

[Event "SUBZONAL 2.3.5 ABSOLUTE Trinidad y Tobag"]
[Site "Ambassador Hotel "]
[Date "2014.03.29"]
[Round "4.5"]
[White "Poon, Yu Tien"]
[Black "Joseph, Marcus"]
[Result "0-1"]
[WhiteElo "2055"]
[BlackElo "2152"]
[PlyCount "86"]
[EventDate "2014.03.27"]
[EventRounds "9"]

1. Nf3 g6 2. g3 Bg7 3. Bg2 d6 4. d4 f5 5. b3 Nf6 6. Bb2 O-O 7. O-O h6 8. c4 Qe8
9. Nbd2 Nc6 10. d5 Nd8 11. Qc2 e5 12. dxe6 Nxe6 13. Rfe1 f4 14. e4 Ng4 15. Bxg7
Nxg7 16. Qc3 g5 17. e5 Qh5 18. gxf4 Ne6 19. exd6 cxd6 20. Nf1 Nxf4 21. Re7 Nf6
22. Ng3 Qg6 23. Rd1 Bg4 24. h3 Bxh3 25. Bxh3 Nxh3+ 26. Kf1 Rae8 27. Rxb7 Nxf2
28. Rxd6 N2e4 29. Nxe4 Qxe4 30. Rxf6 Qxb7 31. Kf2 Rxf6 32. Qxf6 Qb6+ 33. Qd4
Qxd4+ 34. Nxd4 Kg7 35. c5 Kf6 36. a4 Ke5 37. Nb5 Rf8+ 38. Kg3 Kd5 39. b4 Rf4
40. Nxa7 Rxb4 41. c6 Rc4 42. a5 Rxc6 43. Nxc6 Kxc6 0-1

[Event "SUBZONAL 2.3.5 ABSOLUTE Trinidad y Tobag"]
[Site "Ambassador Hotel "]
[Date "2014.03.29"]
[Round "5.1"]
[White "Munoz Sanchez, Miguel"]
[Black "Munro, Allan"]
[Result "1-0"]
[WhiteElo "2282"]
[BlackElo "2086"]
[PlyCount "109"]
[EventDate "2014.03.27"]
[EventRounds "9"]

1. c4 e5 2. Nc3 Nf6 3. g3 Bb4 4. Qc2 Bxc3 5. Qxc3 d6 6. Bg2 O-O 7. d3 h6 8. a3
a5 9. b3 Nc6 10. Bb2 Be6 11. Nf3 Qd7 12. O-O Bh3 13. b4 Bxg2 14. Kxg2 axb4 15.
axb4 Ne7 16. Qb3 Ng6 17. Rxa8 Rxa8 18. Ra1 Rxa1 19. Bxa1 Kh7 20. Bb2 Ne8 21. b5
b6 22. Qa4 f5 23. Qa8 Nf6 24. Qb7 Nf8 25. Ne1 Ne6 26. Nc2 f4 27. Ne1 fxg3 28.
hxg3 Ng5 29. Nf3 Qh3+ 30. Kg1 Ne6 31. Qc8 Nh5 32. Bc1 Qg4 33. Be3 Qg6 34. Qd7
e4 35. Nh4 Qg4 36. d4 Nf6 37. Qf7 d5 38. Kg2 dxc4 39. f3 exf3+ 40. exf3 Nd8 41.
Qxf6 Qxg3+ 42. Kxg3 gxf6 43. d5 Nf7 44. Nf5 Ne5 45. Nd4 c3 46. Ne6 c2 47. Nxc7
Kg6 48. Ne6 Nc4 49. Bc1 Nd6 50. Nd4 h5 51. Nxc2 Nxb5 52. Be3 Nc3 53. d6 Kf7 54.
Bxb6 Ke6 55. Bc5 1-0

[Event "SUBZONAL 2.3.5 ABSOLUTE Trinidad y Tobag"]
[Site "Ambassador Hotel "]
[Date "2014.03.29"]
[Round "5.2"]
[White "Singh, Ravishen"]
[Black "Harper, Ryan"]
[Result "0-1"]
[WhiteElo "2102"]
[BlackElo "2293"]
[PlyCount "84"]
[EventDate "2014.03.27"]
[EventRounds "9"]

1. d4 d5 2. Nf3 Nf6 3. e3 e6 4. Bd3 c5 5. c3 Nc6 6. O-O Qc7 7. Nbd2 Bd6 8. h3
cxd4 9. cxd4 Bd7 10. Re1 Nb4 11. Bb1 Rc8 12. a3 Nc2 13. Bxc2 Qxc2 14. Qxc2 Rxc2
15. Rd1 Ke7 16. Ne1 Rc7 17. b3 a5 18. Bb2 Rhc8 19. Rdc1 Bb5 20. Rxc7+ Rxc7 21.
Rc1 Rxc1 22. Bxc1 Be2 23. Nc2 Bd1 24. Na1 Be2 25. f3 Bd3 26. Kf2 h5 27. h4 e5
28. Nf1 g6 29. Ng3 Ne8 30. Ne2 Ng7 31. Bb2 f6 32. dxe5 fxe5 33. g4 Ne8 34. Ng3
hxg4 35. fxg4 Nf6 36. g5 Ne4+ 37. Nxe4 Bxe4 38. b4 a4 39. Bc3 Ke6 40. Ke2 Kf5
41. Be1 d4 42. Kd2 d3 0-1

[Event "SUBZONAL 2.3.5 ABSOLUTE Trinidad y Tobag"]
[Site "Ambassador Hotel "]
[Date "2014.03.29"]
[Round "5.3"]
[White "Gascon Del Nogal, Jose Rafael"]
[Black "Joseph, Marcus"]
[Result "1/2-1/2"]
[WhiteElo "2327"]
[BlackElo "2152"]
[PlyCount "63"]
[EventDate "2014.03.27"]
[EventRounds "9"]

1. e4 e6 2. d4 d5 3. Nc3 Nf6 4. Bg5 dxe4 5. Nxe4 Be7 6. Bxf6 gxf6 7. Qd3 a6 8.
g3 f5 9. Nc3 Bf6 10. O-O-O O-O 11. Bg2 c5 12. d5 Qa5 13. Nge2 Nd7 14. f4 Bg7
15. g4 fxg4 16. h3 g3 17. Qxg3 Nf6 18. Rhg1 Ne8 19. Bf3 Ra7 20. d6 Bd7 21. Kb1
Kh8 22. Qh4 Ra8 23. Rg5 f5 24. Rdg1 Qd8 25. Bh5 Nxd6 26. Bg6 h6 27. Qh5 Qf6 28.
Bh7 Be8 29. Bg6 Bc6 30. Bh7 Be8 31. Bg6 Bc6 32. Bh7 1/2-1/2

[Event "SUBZONAL 2.3.5 ABSOLUTE Trinidad y Tobag"]
[Site "Ambassador Hotel "]
[Date "2014.03.29"]
[Round "5.4"]
[White "Winter Atwell, Adrian"]
[Black "Marichal Gonzalez, Ariel"]
[Result "0-1"]
[WhiteElo "2113"]
[BlackElo "2271"]
[PlyCount "81"]
[EventDate "2014.03.27"]
[EventRounds "9"]

1. e4 c5 2. c3 b6 3. d4 Bb7 4. Nd2 g6 5. Ngf3 cxd4 6. cxd4 Bg7 7. Bd3 Nc6 8.
Nb3 Nb4 9. Bb1 Nf6 10. a3 Na6 11. Qe2 O-O 12. O-O d6 13. Bd3 Nc7 14. Bd2 d5 15.
e5 Ne4 16. Rfe1 f5 17. exf6 exf6 18. Bb4 Re8 19. Qd1 Qd7 20. Nbd2 a5 21. Bc3
Kh8 22. Qb1 Qg4 23. Nf1 Ne6 24. h3 Qf4 25. Qc1 Rec8 26. Qxf4 Nxf4 27. Bxe4 dxe4
28. N3d2 f5 29. Ne3 Ba6 30. f3 Ne2+ 31. Rxe2 Bxe2 32. fxe4 fxe4 33. Re1 Bd3 34.
Nd5 Rc6 35. Nxe4 Re8 36. Nf2 Rxe1+ 37. Bxe1 Bc4 38. Ne3 Bxd4 39. Nxc4 Rxc4 40.
b4 a4 41. Kf1 0-1

[Event "SUBZONAL 2.3.5 ABSOLUTE Trinidad y Tobag"]
[Site "Ambassador Hotel "]
[Date "2014.03.29"]
[Round "5.5"]
[White "Singh, Vishnu"]
[Black "Lopez, Jasel"]
[Result "1/2-1/2"]
[WhiteElo "2072"]
[BlackElo "2202"]
[PlyCount "36"]
[EventDate "2014.03.27"]
[EventRounds "9"]

1. Nf3 d5 2. g3 Nf6 3. Bg2 Nbd7 4. O-O e6 5. d4 Be7 6. c4 c6 7. Nc3 b6 8. e4
Nxe4 9. Nxe4 dxe4 10. Nd2 f5 11. f3 Nf6 12. Nb3 O-O 13. fxe4 Nxe4 14. Qe2 Bb7
15. Bxe4 fxe4 16. Rxf8+ Bxf8 17. Qxe4 Qd7 18. c5 Ba6 1/2-1/2

[Event "SUBZONAL 2.3.5 ABSOLUTE Trinidad y Tobag"]
[Site "Ambassador Hotel "]
[Date "2014.03.29"]
[Round "5.6"]
[White "Warner, Delisle"]
[Black "Treu, Auke"]
[Result "1-0"]
[WhiteElo "2187"]
[BlackElo "2033"]
[PlyCount "91"]
[EventDate "2014.03.27"]
[EventRounds "9"]

1. d4 Nf6 2. c4 g6 3. f3 Bg7 4. e4 c6 5. Nc3 d5 6. e5 Ng8 7. Bg5 dxc4 8. Bxc4
Qa5 9. Qb3 e6 10. O-O-O b5 11. Bd3 f6 12. Bd2 Qd8 13. Ne4 fxe5 14. dxe5 Bxe5
15. Bg5 Qd5 16. Qa3 Nd7 17. Bc2 b4 18. Qa4 Qb5 19. Qb3 Ndf6 20. Nh3 Bd7 21. f4
Nxe4 22. Bxe4 Bf6 23. Kb1 O-O-O 24. Bd3 Qa5 25. Bc4 h6 26. Bxe6 hxg5 27. Rxd7
Rxd7 28. Rd1 Rhh7 29. Bxd7+ Rxd7 30. Qxg8+ Kc7 31. Rxd7+ Kxd7 32. Qf7+ Be7 33.
Nxg5 b3 34. Qe6+ Ke8 35. Qxc6+ Kf8 36. Qc8+ Bd8 37. Qxd8+ Qxd8 38. Ne6+ Ke8 39.
Nxd8 bxa2+ 40. Kxa2 Kxd8 41. Kb3 Ke7 42. Kc4 Ke6 43. g4 Kd6 44. h4 Ke6 45. Kc5
a6 46. b4 1-0

[Event "SUBZONAL 2.3.5 ABSOLUTE Trinidad y Tobag"]
[Site "Ambassador Hotel "]
[Date "2014.03.29"]
[Round "5.7"]
[White "Husbands, Orlando"]
[Black "Herrera Ortega, German Alejand"]
[Result "1-0"]
[WhiteElo "2042"]
[BlackElo "2126"]
[PlyCount "55"]
[EventDate "2014.03.27"]
[EventRounds "9"]

1. e4 e5 2. Nf3 Nc6 3. d4 exd4 4. Bc4 Nf6 5. e5 d5 6. Bb5 Ne4 7. Nxd4 Bc5 8.
Be3 Bd7 9. Bxc6 bxc6 10. Nd2 Bxd4 11. Bxd4 Qh4 12. O-O c5 13. Nxe4 cxd4 14. Nc5
Bf5 15. Nb3 d3 16. cxd3 O-O 17. f4 f6 18. d4 fxe5 19. dxe5 Be4 20. Qd2 c6 21.
Rac1 Rac8 22. Nc5 Bf5 23. Rc3 Rb8 24. Nb3 Bd7 25. Nd4 Rfc8 26. Nxc6 Rxc6 27.
Qxd5+ Re6 28. f5 1-0

[Event "SUBZONAL 2.3.5 ABSOLUTE Trinidad y Tobag"]
[Site "Ambassador Hotel "]
[Date "2014.03.29"]
[Round "5.8"]
[White "Chavez Lazo, Jorge Leonidas"]
[Black "Puntier, William"]
[Result "0-1"]
[WhiteElo "2126"]
[BlackElo "2328"]
[PlyCount "72"]
[EventDate "2014.03.27"]
[EventRounds "9"]

1. Nf3 Nf6 2. c4 e6 3. g3 d5 4. Bg2 c6 5. b3 Nbd7 6. Bb2 Be7 7. O-O O-O 8. d3
Re8 9. Nbd2 Bf8 10. Qc2 e5 11. e3 Bd6 12. Rfd1 Nf8 13. h3 Ng6 14. a3 Bd7 15. b4
a5 16. c5 Bc7 17. Bc3 Qc8 18. Kh2 h5 19. Nf1 h4 20. e4 Nh7 21. Be1 f5 22. exf5
Bxf5 23. Qb3 a4 24. Qa2 Qd7 25. Ne3 Be6 26. Qb2 Rf8 27. d4 e4 28. Ne5 Nxe5 29.
dxe5 Ng5 30. g4 Nf3+ 31. Bxf3 Rxf3 32. Bc3 Raf8 33. Rd2 Qf7 34. Kg2 Bd8 35. Bd4
Bg5 36. Re1 Rxh3 0-1